MARC

LEADER 00000nam0a2200000 4500
001 286619
005 20231101235917.0
035 |a (RuTPU)RU\TPU\book\310940 
090 |a 286619 
100 |a 20150306d1985 k y0rusy50 ca 
101 0 |a rus 
102 |a RU 
105 |a y z 001zy 
200 1 |a Фундаментальные исследования и технический прогресс  |f Академия наук СССР (АН СССР), Сибирское отделение (СО), Институт истории, филологии и философии ; под ред. Д. К. Беляева, А. П. Деревянко 
210 |a Новосибирск  |c Наука  |d 1985 
215 |a 288 с. 
320 |a Именной указатель: с. 282-284 
606 1 |a Наука  |2 stltpush  |3 (RuTPU)RU\TPU\subj\45070  |9 64332 
606 1 |a Наука  |2 stltpush  |3 (RuTPU)RU\TPU\subj\45070  |9 64332 
610 1 |a НТП 
610 1 |a технический прогресс 
610 1 |a фундаментальные исследования 
610 1 |a естественные науки 
610 1 |a приоритетные направления 
610 1 |a методология 
610 1 |a прогнозирование 
610 1 |a экология 
610 1 |a научные школы 
686 |a Ч21  |v LBC/SL-A  |2 rubbk 
702 1 |a Беляев  |b Д. К.  |4 340 
702 1 |a Деревянко  |b А. П.  |4 340 
712 0 2 |a Академия наук СССР (АН СССР)  |b Сибирское отделение (СО)  |b Институт истории, филологии и философии  |c (Новосибирск)  |2 stltpush  |3 (RuTPU)RU\TPU\col\11501 
801 1 |a RU  |b 63413507  |c 20150306 
801 2 |a RU  |b 63413507  |c 20191002  |g RCR 
942 |c BK